000 00270nam a2200109Ia 4500
008 231219s9999 xx 000 0 und d
041 _aeng
100 _aHutt and Speh
245 _aIndustrial Marketing Management
260 _bThe Dryden Press.
650 _aManagement
999 _c974683
_d974683